[Event "Quebec-ch Senior"]
[Site "Montreal"]
[Date "2018.04.21"]
[Round "3.9"]
[White "Dubreuil, Raymond"]
[Black "Michaud, Luc"]
[Result "1/2-1/2"]
[WhiteElo "1507"]
[BlackElo "1714"]
[PlyCount "59"]
[EventDate "2018.04.20"]
[EventType "swiss"]
[EventRounds "5"]
[EventCountry "CAN"]
[SourceTitle "EXT 2022"]
[Source "ChessBase"]
[SourceDate "2021.10.06"]
[SourceVersion "1"]
[SourceVersionDate "2021.10.06"]
[SourceQuality "1"]

1. Nf3 Nf6 2. g3 d5 3. c4 c6 4. b3 g6 5. Bb2 Bg7 6. Bg2 0-0 7. 0-0 Nbd7 8. Nc3 Qc7 9. Rc1 dxc4 10. bxc4 e5 11. Ng5 Re8 12. Nge4 Nxe4 13. Nxe4 Nf6 14. Nc5 Qa5 15. Na4 Bg4 16. f3 Be6 17. Bc3 Qc7 18. d3 Rad8 19. Qe1 Bc8 20. Nc5 Bf8 21. Ne4 Nxe4 22. fxe4 Bc5+ 23. Kh1 Qe7 24. Qd2 Kg7 25. Rb1 f6 26. Bb4 b6 27. Bxc5 Qxc5 28. Qe1 Qe7 29. Qf2 Rf8 30. Qe3 1/2-1/2

[Event "Quebec op U2000"]
[Site "Montreal"]
[Date "2016.07.29"]
[Round "8.45"]
[White "Dubreuil, Raymond"]
[Black "Guan, Zi Yu"]
[Result "0-1"]
[WhiteElo "1637"]
[BlackElo "1637"]
[PlyCount "28"]
[EventDate "2016.07.23"]
[EventType "swiss"]
[EventRounds "8"]
[EventCountry "CAN"]
[SourceTitle "EXT 2022"]
[Source "ChessBase"]
[SourceDate "2021.10.06"]
[SourceVersion "1"]
[SourceVersionDate "2021.10.06"]
[SourceQuality "1"]

1. Nf3 Nf6 2. g3 d5 3. c4 dxc4 4. Na3 e6 5. Nxc4 c5 6. Bg2 Nbd7 7. b3 Qc7 8. Bb2 b5 9. Nce5 Bb7 10. 0-0 Bd6 11. Nxd7 Qxd7 12. Ne5 Bxe5 13. Bxe5 Bxg2 14. Kxg2 Qd5+ 0-1

[Event "Quebec op U2000"]
[Site "Montreal"]
[Date "2016.07.25"]
[Round "4.45"]
[White "Chevalier, Francois"]
[Black "Dubreuil, Raymond"]
[Result "1/2-1/2"]
[WhiteElo "1779"]
[BlackElo "1637"]
[PlyCount "58"]
[EventDate "2016.07.23"]
[EventType "swiss"]
[EventRounds "8"]
[EventCountry "CAN"]
[SourceTitle "EXT 2022"]
[Source "ChessBase"]
[SourceDate "2021.10.06"]
[SourceVersion "1"]
[SourceVersionDate "2021.10.06"]
[SourceQuality "1"]

1. d4 Nf6 2. Nf3 g6 3. Bg5 Bg7 4. Nbd2 0-0 5. c3 d5 6. e3 Nbd7 7. Bd3 c5 8. 0-0 c4 9. Bc2 Re8 10. Re1 h6 11. Bxf6 Nxf6 12. Ne5 Nd7 13. f4 Nxe5 14. fxe5 Bd7 15. Qe2 Qc8 16. Rf1 Rf8 17. h3 Qc6 18. Rf2 f5 19. exf6 Rxf6 20. Rxf6 Qxf6 21. Rf1 Qe6 22. e4 Bc6 23. e5 Rf8 24. Rxf8+ Bxf8 25. Qf2 Be8 26. Qg3 Qf7 27. Nf3 e6 28. Nh2 Kh7 29. Nf3 Be7 1/2-1/2

[Event "Quebec-ch 50+"]
[Site "Montreal"]
[Date "2015.04.18"]
[Round "3"]
[White "Dominique, Vladimir"]
[Black "Dubreuil, Raymond"]
[Result "1-0"]
[WhiteElo "1722"]
[BlackElo "1610"]
[PlyCount "53"]
[EventDate "2015.04.17"]
[EventType "swiss"]
[EventRounds "5"]
[EventCountry "CAN"]
[SourceTitle "EXT 2019"]
[Source "ChessBase"]
[SourceDate "2018.10.10"]
[SourceVersion "1"]
[SourceVersionDate "2018.10.10"]
[SourceQuality "1"]

1. e4 c5 2. Nf3 e6 3. d4 cxd4 4. Nxd4 Nf6 5. Nc3 d6 6. Be2 Be7 7. 0-0 0-0 8. Kh1 Nc6 9. Be3 Bd7 10. Nb3 a6 11. f4 Qc7 12. Qe1 Nb4 13. Rc1 Rac8 14. a3 Nc6 15. Qf2 d5 16. e5 d4 17. Nxd4 Nd5 18. Nxd5 exd5 19. Bd3 Nxd4 20. Bxd4 Bc5 21. Qh4 g6 22. Bxc5 Qxc5 23. f5 d4 24. f6 h5 25. Qg5 Kh7 26. Qxh5+ Kg8 27. Qh6 1-0

[Event "Canadian op"]
[Site "Montreal"]
[Date "2002.07.16"]
[Round "5"]
[White "Strojevs, Alexander"]
[Black "Dubreuil, Raymond"]
[Result "1/2-1/2"]
[WhiteElo "1815"]
[BlackElo "1591"]
[PlyCount "55"]
[EventDate "2002.07.13"]
[EventType "swiss"]
[EventRounds "10"]
[EventCountry "CAN"]
[SourceTitle "EXT 2022"]
[Source "ChessBase"]
[SourceDate "2021.10.06"]
[SourceVersion "1"]
[SourceVersionDate "2021.10.06"]
[SourceQuality "1"]

1. d4 Nf6 2. c4 g6 3. Nc3 d5 4. Nf3 Bg7 5. e3 0-0 6. Bd3 Bg4 7. 0-0 c6 8. h3 Bxf3 9. Qxf3 Re8 10. cxd5 cxd5 11. b3 Nc6 12. Bb2 e5 13. dxe5 Nxe5 14. Qd1 Nxd3 15. Qxd3 Ne4 16. Na4 Bxb2 17. Nxb2 Qf6 18. Qd4 Qxd4 19. exd4 Nc3 20. Nd1 Ne2+ 21. Kh2 Nxd4 22. Ne3 Rad8 23. Rad1 Re4 24. Rd3 Ne2 25. Rxd5 Rxd5 26. Nxd5 Rd4 27. Re1 Rxd5 28. Rxe2 1/2-1/2